| 000 | 01615nam a22003497a 4500 | ||
|---|---|---|---|
| 001 | 436 | ||
| 003 | FISKH | ||
| 005 | 20240614100443.0 | ||
| 008 | 230421b cb ||||| |||| 00| 0 eng d | ||
| 020 | _a9781426307416 (pbk. : alk. paper) | ||
| 022 | _29780545333108 | ||
| 040 |
_aDLC _cDLC _dDLC _dFISKH _beng |
||
| 050 | _aQL754.M27 | ||
| 082 | _2591.56 | ||
| 100 | 1 | _aMarsh, Laura F. | |
| 245 | 1 | 0 |
_aAmazing animal journeys / _cLaura Marsh. |
| 246 | 3 | 0 | _aGreat migrations. Amazing animal journeys |
| 250 | _aFirst Scholastic printing January 2011 | ||
| 260 |
_aNew York : _bNational Geographic Society, _c2010 |
||
| 300 |
_a48 pages. : _bcolor illustrations ; maps ; _c23 cm. |
||
| 490 | 0 | _aGreat migrations | |
| 490 | 0 | _aNational Geographic kids. Science readers. Level 3 | |
| 500 | _a"National Geographic kids"-Cover. | ||
| 500 | _aIncludes index. | ||
| 520 | _aEvery year like clockwork, animals both big and small are driven by a natural instinct to move, in order to survive. On both land and sea, they fight the odds and the forces of nature to breed, feed, or lead and carry on for future generations. This reader is an introduction to the treacherous trek of the zebra, walrus, and Christmas Island red crab to overcome obstacles that include hungry cheetahs, stinging yellow crazy ants, and even their fellow species to make the often impossible journey of their lives. | ||
| 521 | 8 |
_a810
_bLexile |
|
| 521 | 8 |
_aM
_bRaz-Plus |
|
| 650 | 0 |
_aAnimal migration _vJuvenile literature. |
|
| 906 |
_a7 _bcbc _corignew _d1 _eecip _f20 _gy-gencatlg |
||
| 942 |
_2ddc _cBK _n0 |
||
| 999 |
_c436 _d436 |
||